[Event "ch-CHN Women 2018"]
[Site "Xinghua CHN"]
[Date "2018.04.29"]
[Round "11.6"]
[White "Zhai, Mo"]
[Black "Ning, Kaiyu"]
[Result "1-0"]
[WhiteTitle "WGM"]
[WhiteElo "2310"]
[BlackElo "2176"]
[WhiteFideId "8600201"]
[BlackFideId "8614750"]
[EventDate "2018.04.18"]

1. c4 e5 2. g3 Nf6 3. Bg2 Nc6 4. Nc3 Bb4 5. Nf3 d6 6. Nd5 Bc5 7. d3 Nxd5 8. cxd5
Ne7 9. d4 exd4 10. Nxd4 O-O 11. O-O a5 12. a4 h6 13. Qd3 b6 14. Bd2 Ba6 15. Nb5
Ng6 16. Bc3 Re8 17. Rfe1 Ne5 18. Qf5 Bxb5 19. axb5 Qc8 20. Be4 Ng6 21. Qxc8
Raxc8 22. Bxg6 fxg6 23. Kg2 Re4 24. e3 Rce8 25. Kf3 g5 26. h3 h5 27. Ke2 Kf7 28.
Kd3 R8e7 29. Re2 g4 30. hxg4 Rxg4 31. Rh1 Kg6 32. Rh3 Rf7 33. f4 Kh6 34. Ke4 g6
35. Kf3 Kh7 36. e4 Kg8 37. Rh1 Rg5 38. Rh4 Kf8 39. Reh2 Ke7 40. Kg2 Rg4 41. Rxg4
hxg4 42. Rh4 g5 43. Rxg4 gxf4 44. gxf4 Kf8 45. Rh4 Ke7 46. Kf3 Kd7 47. Rh6 Kc8
48. Bf6 Kb7 49. b3 Ba3 50. e5 dxe5 51. fxe5 Bb2 52. Ke4 Rf8 53. Kf5 Re8 54. Rh7
Kc8 55. d6 1-0